000 01267nam a2200349 i 4500
005 20220317001737.0
008 170328s2016 c a g 000 0 s
020 _a9789580413073
020 _a958041307X
040 _aCO-BoRNBP
_bspa
_cCO-BoRNBP
_erda
041 1 _heng
100 1 _aInkiow, Dimiter
_d1932-
_eautor
245 1 0 _aDe cómo decidí convertirme en hermano mayor
_cDimiter Inkiow ; traducción de Rafael Arteaga ; ilustraciones de Michaela Reiner
250 _aPrimera edición
264 1 _aBogotá
_bNorma
_c2016
300 _a101 páginas
_bilustraciones a blanco y negro
_c20 cm
_d1 cuaderno de actividades
336 _atexto
_btxt
_2rdacontent
337 _asin mediación
_bn
_2rdamedia
338 _avolumen
_bnc
_2rdacarrier
490 _aTorre de papel : roja
534 _tHurra! Unser ist da
650 1 4 _2LEMB
_aNovela juvenil búlgaros
_ySiglo XX
650 1 4 _2LEMB
_aLiteratura juvenil búlgara
_ySiglo XX
650 1 4 _2LEMB
_aInfancia
_vNovela
650 1 4 _2LEMB
_aRelaciones de familia
_vNovela
650 1 4 _2LEMB
_aNacimiento de una hermana
_vNovela
650 1 4 _2LEMB
_aBebés
_vNovela
700 1 _aArteaga, Rafael
_etraductor
_9134895
700 1 _aReiner, Micaela
_eilustradora
_9134896
942 _2loc
_cBKLIT
084 _aN INK1
999 _c7936
_d7936